Estatísticas para Animais Famosos

Clique aqui para jogar o quiz

Estatísticas Gerais

  • Esse quiz foi jogado 559 vezes
  • A pontuação média é 9 de 24

Estatísticas das Respostas

NomeEspecie% Correto
MickeyRato
100%
GarfieldGato
99%
MufasaLeão
90%
NemoPeixe Palhaço
88%
DumboElefante
87%
AlvinEsquilo
86%
LassieCão
48%
PinguPinguim
45%
FlipperGolfinho
42%
RudolphRena
36%
SplinterRatazana
33%
KermitSapo
23%
HedwigCoruja
20%
DaffyPato
19%
ShamuOrca
15%
YertleTartaruga
10%
CharlotteAranha
8%
ShadowfaxCavalo
8%
MarcelMacaco
8%
YogiUrso
8%
BullwinkleAlce
6%
EeyoreBurro
6%
KokoGorila
4%
Pepe Le PewDoninha Fedorenta
3%

Distribuição das Pontuações

Percentil de Números Respondidos

Porcentagem de Pessoas com Cada Pontuação

Sua Pontuação Histórica

Você não jogou esse quiz